Can India catch up with China? (Record no. 58551)

000 -LEADER
fixed length control field 00668pab a2200181 454500
008 - FIXED-LENGTH DATA ELEMENTS--GENERAL INFORMATION
fixed length control field 180718b2003 xxu||||| |||| 00| 0 eng d
100 ## - MAIN ENTRY--PERSONAL NAME
Personal name Guruswamy, Mohan
245 ## - TITLE STATEMENT
Title Can India catch up with China?
260 ## - PUBLICATION, DISTRIBUTION, ETC.
Date of publication, distribution, etc. 2003
300 ## - PHYSICAL DESCRIPTION
Extent p.4749-751.
362 ## - DATES OF PUBLICATION AND/OR SEQUENTIAL DESIGNATION
Dates of publication and/or sequential designation 8 Nov
520 ## - SUMMARY, ETC.
Summary, etc. The real challenge is not catching up with China's growth rate, which must inevitably slow down, but whether India can come abreast of China in industrial growth and competitiveness and in expansion of the workforce. - Reproduced.
650 ## - SUBJECT ADDED ENTRY--TOPICAL TERM
Topical term or geographic name entry element Industrial growth
700 ## - ADDED ENTRY--PERSONAL NAME
Personal name Handa, Vishal
700 ## - ADDED ENTRY--PERSONAL NAME
Personal name Kaul, Abhishek
773 ## - HOST ITEM ENTRY
Main entry heading Economic and Political Weekly
909 ## -
-- 58551
Holdings
Withdrawn status Lost status Damaged status Not for loan Permanent Location Current Location Date acquired Serial Enumeration / chronology Barcode Date last seen Price effective from Koha item type
        Indian Institute of Public Administration Indian Institute of Public Administration 2018-07-19 Volume no: 38, Issue no: 45 AR58996 2018-07-19 2018-07-19 Articles

Powered by Koha